[Event "Bayern-ch Seniors 24nd"]
[Site "Bergen"]
[Date "2012.06.20"]
[Round "5"]
[White "Bilyavskyy, Borys"]
[Black "Siegmund, Rainer"]
[Result "1/2-1/2"]
[WhiteElo "1797"]
[BlackElo "1974"]
[PlyCount "84"]
[EventDate "2012.06.16"]
[EventType "swiss"]
[EventRounds "9"]
[EventCountry "GER"]
[SourceTitle "EXT 2015"]
[Source "ChessBase"]
[SourceDate "2014.11.20"]
[SourceVersion "1"]
[SourceVersionDate "2014.11.20"]
[SourceQuality "1"]

1. d4 Nf6 2. c4 e6 3. Nf3 b6 4. Nc3 Bb4 5. Bd2 Bb7 6. e3 0-0 7. Bd3 d6 8. 0-0 Nbd7 9. a3 Bxc3 10. Bxc3 Ne4 11. Bxe4 Bxe4 12. Nd2 Bb7 13. f4 f5 14. Qe2 Nf6 15. Rac1 Qe7 16. b4 c5 17. dxc5 bxc5 18. Bxf6 Qxf6 19. Nf3 Rac8 20. b5 e5 21. fxe5 dxe5 22. Rfd1 e4 23. Ne1 f4 24. exf4 Qxf4 25. Nc2 Rfd8 26. Rxd8+ Rxd8 27. Rd1 Rd6 28. Rxd6 Qxd6 29. a4 Qd8 30. Qe1 h6 31. a5 Qd3 32. Ne3 Bc8 33. Kf2 Kf7 34. Qd1 Qd4 35. h3 Ke7 36. a6 Kd6 37. Ke2 Ke5 38. Qd2 g5 39. Qc2 Qa1 40. Qd2 Qd4 41. Qc2 Qa1 42. Qd2 Qd4 1/2-1/2

[Event "Bayern-ch Seniors 24nd"]
[Site "Bergen"]
[Date "2012.06.18"]
[Round "3"]
[White "Bilyavskyy, Borys"]
[Black "Geisensetter, Franz"]
[Result "0-1"]
[WhiteElo "1797"]
[BlackElo "1979"]
[PlyCount "108"]
[EventDate "2012.06.16"]
[EventType "swiss"]
[EventRounds "9"]
[EventCountry "GER"]
[SourceTitle "EXT 2015"]
[Source "ChessBase"]
[SourceDate "2014.11.20"]
[SourceVersion "1"]
[SourceVersionDate "2014.11.20"]
[SourceQuality "1"]

1. d4 Nf6 2. c4 e5 3. d5 Bc5 4. e3 c6 5. Nc3 0-0 6. Bd3 Qe7 7. Qc2 Bb4 8. e4 b5 9. Bg5 bxc4 10. Bxc4 Bb7 11. Bxf6 Qxf6 12. Nge2 cxd5 13. exd5 Na6 14. 0-0 Rac8 15. Qb3 Qh4 16. Bxa6 Bxa6 17. Qa4 Bxe2 18. Nxe2 Qe7 19. Qxa7 Rc2 20. Ng3 Rxb2 21. Qa4 Bc5 22. Qg4 Rb4 23. Qe2 f5 24. Rab1 Rxb1 25. Rxb1 d6 26. Nf1 f4 27. Nd2 Qg5 28. Kh1 Qf5 29. Rc1 g5 30. Nb3 Ba3 31. Re1 Bb4 32. Rc1 g4 33. f3 h5 34. Qc4 Ba3 35. Re1 Rc8 36. Qa4 Bb2 37. Qa6 Qd7 38. Na5 Rc7 39. Nc6 Kg7 40. Qd3 Kf6 41. a4 Qf5 42. Qb3 Bd4 43. Qb8 Qc8 44. Qb1 Rxc6 45. dxc6 Qxc6 46. Qb8 gxf3 47. Qf8+ Ke6 48. Qg8+ Kd7 49. Qf7+ Kc8 50. Qe6+ Kc7 51. Qe7+ Qd7 52. Rc1+ Bc5 53. Rxc5+ dxc5 54. Qxc5+ Kb7 0-1

[Event "Niederbayernliga 1213"]
[Site "Bayern"]
[Date "2012.??.??"]
[Round "3"]
[White "Grimm, Markus"]
[Black "Bilyavskyy, Borys"]
[Result "1/2-1/2"]
[WhiteElo "1830"]
[BlackElo "1817"]
[PlyCount "60"]
[EventDate "2012.10.14"]
[EventType "team-tourn"]
[EventRounds "9"]
[EventCountry "GER"]
[SourceTitle "EXT 2023"]
[Source "ChessBase"]
[SourceDate "2022.10.05"]
[SourceVersion "1"]
[SourceVersionDate "2022.10.05"]
[SourceQuality "1"]
[WhiteTeam "Straubing SC"]
[BlackTeam "Ergolding"]
[WhiteTeamCountry "GER"]
[BlackTeamCountry "GER"]

1. e4 c5 2. c3 Nf6 3. e5 Nd5 4. d4 cxd4 5. cxd4 d6 6. Nf3 Nc6 7. Bc4 Nb6 8. Bb5 a6 9. Bxc6+ bxc6 10. Qc2 Bb7 11. e6 f6 12. 0-0 Qc7 13. Bd2 Nd5 14. Nc3 Nxc3 15. Qxc3 Rc8 16. Rac1 g6 17. d5 Qb6 18. dxc6 Rxc6 19. Qa3 Bg7 20. Be3 Qc7 21. Nd4 Rc4 22. Rxc4 Qxc4 23. Rc1 Qd5 24. Qa4+ Kf8 25. f3 f5 26. Qc4 Qxc4 27. Rxc4 Bf6 28. Rc7 f4 29. Bf2 Bd5 30. b3 Kg7 1/2-1/2

[Event "Niederbayernliga 1213"]
[Site "Bayern"]
[Date "2012.??.??"]
[Round "4"]
[White "Palmi, Herbert"]
[Black "Bilyavskyy, Borys"]
[Result "1/2-1/2"]
[WhiteElo "1945"]
[BlackElo "1817"]
[PlyCount "80"]
[EventDate "2012.10.14"]
[EventType "team-tourn"]
[EventRounds "9"]
[EventCountry "GER"]
[SourceTitle "EXT 2023"]
[Source "ChessBase"]
[SourceDate "2022.10.05"]
[SourceVersion "1"]
[SourceVersionDate "2022.10.05"]
[SourceQuality "1"]
[WhiteTeam "Regen/Viechtach"]
[BlackTeam "Ergolding"]
[WhiteTeamCountry "GER"]
[BlackTeamCountry "GER"]

1. e4 g6 2. d4 Bg7 3. Nc3 d6 4. Be3 Nd7 5. Bc4 e5 6. f3 c6 7. dxe5 Nxe5 8. Bb3 Nf6 9. Qd2 0-0 10. 0-0-0 Ne8 11. Bh6 b5 12. Bxg7 Kxg7 13. f4 Nd7 14. e5 dxe5 15. fxe5 Qe7 16. Nf3 Nc5 17. Nd4 Nxb3+ 18. axb3 Qc7 19. Qf4 a5 20. Rhf1 a4 21. Qf3 Ra6 22. e6 f6 23. Rde1 axb3 24. Nxb3 Qe7 25. Qe3 Nc7 26. Nc5 Ra1+ 27. Nb1 Nd5 28. Qd4 Rd8 29. Rf3 b4 30. Rd3 Ra5 31. Nb3 Ra7 32. g4 Ba6 33. Rd2 Kg8 34. h4 Raa8 35. Rf2 Nc3 36. bxc3 Rxd4 37. cxd4 Bc4 38. N1d2 Bxb3 39. Nxb3 Kg7 40. g5 f5 1/2-1/2

[Event "Bad Griesbach Seniors op 14th"]
[Site "Bad Griesbach"]
[Date "2011.12.10"]
[Round "7"]
[White "Mahrla, Hans"]
[Black "Bilyavskyy, Borys"]
[Result "0-1"]
[WhiteElo "1621"]
[BlackElo "1757"]
[PlyCount "88"]
[EventDate "2011.12.04"]
[EventType "swiss"]
[EventRounds "7"]
[EventCountry "GER"]
[SourceTitle "EXT 2015"]
[Source "ChessBase"]
[SourceDate "2014.11.20"]
[SourceVersion "1"]
[SourceVersionDate "2014.11.20"]
[SourceQuality "1"]

1. e4 d6 2. d4 Nf6 3. Bd3 e5 4. c3 g6 5. dxe5 dxe5 6. Nf3 Nc6 7. 0-0 Bg7 8. Qe2 Qe7 9. b3 Bg4 10. Ba3 Qd7 11. Rd1 0-0-0 12. Rd2 Bh6 13. Rd1 Bxf3 14. Qxf3 Qg4 15. Qxg4+ Nxg4 16. b4 b5 17. h3 Nf6 18. f3 Nh5 19. Kf1 a6 20. Bb2 Nf4 21. Bc2 Rxd1+ 22. Bxd1 Rd8 23. Bc2 Nd3 24. Bxd3 Rxd3 25. Ke2 Rd7 26. a4 Kb7 27. axb5 axb5 28. Ra2 Nd8 29. c4 bxc4 30. Bxe5 Nc6 31. Bc3 Nd4+ 32. Bxd4 Rxd4 33. Nc3 Rd3 34. Rc2 c6 35. b5 cxb5 36. Nxb5 Kb6 37. Nc3 Kc5 38. Nd5 Rb3 39. Nc3 Kd4 40. Nd5 Bg7 41. Rd2+ Kc5 42. Rc2 Bd4 43. Kd2 f5 44. Nf4 Be3+ 0-1